000 00538nam a2200193 i 4500
001 17390
003 ES-MaACL
005 20230906151553.0
007 t|
008 010301s2000 sp ||||1| spa d
020 _a84-607-1071-8
080 _a821.134.2-31"19"
100 1 _aMartín del Burgo, Angela.
_977463
245 1 0 _aCenizas sobre un mar de agosto /
_cAngela Martín del Burgo.
250 _a1ª ed.
260 _aMadrid :
_bEdición Personal,
_c2000.
300 _a204 p. ;
_c22 cm.
852 _aES-MaACL
_jL-24335
_bR.129255
999 _c17390
_d17390